| 000 | 00356nam a22001577a 4500 | ||
|---|---|---|---|
| 003 | OSt | ||
| 008 | 250129b |||||||| |||| 00| 0 eng d | ||
| 020 | _a9789355325891 | ||
| 082 |
_a005.133 _bBAP |
||
| 100 | _aBALAGURUSAMY,E | ||
| 245 | _aProgramming with JAVA | ||
| 250 | _a7th ED | ||
| 260 |
_aNew Delhi _bTMH _c2024 |
||
| 300 | _a577 | ||
| 942 |
_2ddc _cBK |
||
| 999 |
_c13047 _d13047 |
||